|
|
|
|
| LEADER |
02559nam a2200637 i 4500 |
| 001 |
001643687 |
| 003 |
CZ BrMZK |
| 005 |
20251007095508.0 |
| 007 |
ta |
| 008 |
180824t20002000gw ach e 000 0 cze |
| 020 |
|
|
|a 3-933679-41-9
|q (brožováno)
|
| 040 |
|
|
|a BOA001
|b cze
|e rda
|
| 041 |
1 |
|
|a cze
|a ger
|h cze
|h ger
|
| 043 |
|
|
|a e-xr---
|b e-xr-st
|a e-au---
|2 czenas
|
| 044 |
|
|
|a gw
|a xr
|
| 045 |
|
|
|a x-x-
|
| 072 |
|
7 |
|a 929.5/.9
|x Genealogie. Heraldika. Šlechta. Vlajky
|2 Konspekt
|9 8
|
| 080 |
|
|
|a 070.4
|2 MRF
|
| 080 |
|
|
|a 821.112.2(436)-051
|2 MRF
|
| 080 |
|
|
|a 929.7-055.2
|2 MRF
|
| 080 |
|
|
|a 929
|2 MRF
|
| 080 |
|
|
|a 316.472.42
|2 MRF
|
| 080 |
|
|
|a 712.26:728.82
|2 MRF
|
| 080 |
|
|
|a (437.312)
|2 MRF
|
| 080 |
|
|
|a (436)
|2 MRF
|
| 080 |
|
|
|a (082)
|2 MRF
|
| 100 |
1 |
|
|a Bláhová, Alena,
|d 1954-2024
|7 jn20000400201
|4 aut
|
| 245 |
1 |
0 |
|a Karl Kraus ve Vrchotových Janovicích =
|b Karl Kraus in Janowitz /
|c zpracovali Alena Bláhová a Friedrich Pfäfflin
|
| 246 |
3 |
1 |
|a Karl Kraus in Janowitz
|
| 264 |
|
1 |
|a Vrchotovy Janovice ;
|a Praha ;
|a Marbach :
|b Ulrich Ott,
|c [2000]
|
| 264 |
|
4 |
|c ©2000
|
| 300 |
|
|
|a 135 stran :
|b ilustrace, portréty, faksimile ;
|c 21 cm
|
| 336 |
|
|
|a text
|b txt
|2 rdacontent
|
| 337 |
|
|
|a bez média
|b n
|2 rdamedia
|
| 338 |
|
|
|a svazek
|b nc
|2 rdacarrier
|
| 504 |
|
|
|a Obsahuje bibliografické odkazy
|
| 546 |
|
|
|a Souběžný německý text
|
| 600 |
1 |
7 |
|a Nádherná z Borutína, Sidonie,
|c baronka,
|d 1885-1950
|7 jn20000401885
|2 czenas
|
| 600 |
1 |
7 |
|a Kraus, Karl,
|d 1874-1936
|7 jn19990004622
|2 czenas
|
| 610 |
2 |
7 |
|a Vrchotovy Janovice (zámek)
|7 ko2002101873
|2 czenas
|
| 648 |
|
7 |
|a 20. století
|7 ch460558
|2 czenas
|
| 650 |
0 |
7 |
|a publicisté
|7 ph124829
|z Rakousko
|y 20. století
|2 czenas
|
| 650 |
0 |
7 |
|a rakouští spisovatelé
|7 ph125026
|y 20. století
|2 czenas
|
| 650 |
0 |
7 |
|a šlechtičny
|7 ph127828
|z Česko
|y 20. století
|2 czenas
|
| 650 |
0 |
7 |
|a partnerské vztahy
|7 ph115684
|2 czenas
|
| 650 |
0 |
7 |
|a zámecké parky
|7 ph116799
|z Česko
|2 czenas
|
| 651 |
|
7 |
|a Vrchotovy Janovice (Česko)
|7 ge131340
|2 czenas
|
| 655 |
|
7 |
|a sborníky
|7 fd163935
|2 czenas
|
| 700 |
1 |
|
|a Pfäfflin, Friedrich,
|d 1935-
|7 jn20000604423
|4 aut
|
| 700 |
1 |
2 |
|a Bláhová, Alena,
|d 1954-
|t Karl Kraus ve Vrchotových Janovicích
|
| 700 |
1 |
2 |
|a Bláhová, Alena,
|d 1954-
|t Karl Kraus ve Vrchotových Janovicích.
|l Německy
|
| 772 |
0 |
8 |
|i Zvláštní číslo seriálu:
|t Marbacher Magazin,
|g 91/2000
|
| 910 |
|
|
|a BOA001
|b 2-1412.298
|b KPB-0001.079
|
| 990 |
|
|
|a BK
|
| 991 |
|
|
|b 201808
|
| 996 |
7 |
|
|b 2610751808
|c 2-1412.298
|l MZK
|r Sklad / do 1 hodiny
|n 1
|p dar
|w 001679768
|u 000010
|a 1
|e BOA001
|j MZK50
|s A
|